书目信息 |
| 题名: |
大豆田、花生田、苜蓿田杂草化学防除
|
|
| 作者: | 黄春艳 编 | |
| 分册: | ||
| 出版信息: | 北京 化学工业出版社 2003 |
|
| 页数: | 170页 | |
| 开本: | 18cm | |
| 丛书名: | 杂草化学防除技术丛书 | |
| 单 册: | ||
| 中图分类: | S451.22 | |
| 科图分类: | ||
| 主题词: | 花生--hua sheng--田间管理--化学除草 , 紫花苜蓿--zi hua mu xu--田间管理--化学除草 , 大豆--da dou--田间管理--化学除草 , 田间管理--tian jian guan li , 化学除草--hua xue chu cao , 花生--hua sheng , 紫花苜蓿--zi hua mu xu , 大豆--da dou | |
| 电子资源: | ||
| ISBN: | 7-5025-3587-X | |
| 000 | 01556nam0 2200409 450 | |
| 000 | 01585nam0 2200409 450 | |
| 000 | 01548nam0 2200397 450 | |
| 000 | 01531nam0 2200397 450 | |
| 000 | 01494nam 2200385 450 | |
| 001 | CAL 012006033088 | |
| 005 | 20061031095938.26 | |
| 010 | @a7-5025-3587-X@dCNY15.00 | |
| 099 | @aCAL 012006033088 | |
| 100 | @a20060830d2003 em y0chiy0120 ea | |
| 101 | 0 | @achi |
| 102 | @aCN@b110000 | |
| 105 | @aa z 000yy | |
| 200 | 1 | @a大豆田、花生田、苜蓿田杂草化学防除@Ada dou tian 、 hua sheng tian 、 mu xu tian za cao hua xue fang chu@f黄春艳等编 |
| 210 | @a北京@c化学工业出版社@d2003 | |
| 215 | @a170页@c彩图(26幅)@d18cm | |
| 225 | 2 | @a杂草化学防除技术丛书@Aza cao hua xue fang chu ji shu cong shu |
| 300 | @a“十五”国家重点图书 | |
| 304 | @a中国植物保护学会杂草学分会组织编写 | |
| 330 | @a本书对大豆、花生和苜蓿田的主要杂草种类、发生规律、危害特点、除草剂的应用技术等方面的知识做了细致的介绍, 书中涉及的除草剂有14类33个化合物, 基本上涵盖了国内各农药厂家在大豆和花生田登记的诸多除草剂制剂。 | |
| 410 | 0 | @12001 @a杂草化学防除技术丛书 |
| 606 | 0 | @a花生@Ahua sheng@x田间管理@x化学除草 |
| 606 | 0 | @a紫花苜蓿@Azi hua mu xu@x田间管理@x化学除草 |
| 606 | 0 | @a大豆@Ada dou@x田间管理@x化学除草 |
| 606 | 0 | @a田间管理@Atian jian guan li |
| 606 | 0 | @a化学除草@Ahua xue chu cao |
| 606 | 0 | @a花生@Ahua sheng |
| 606 | 0 | @a紫花苜蓿@Azi hua mu xu |
| 606 | 0 | @a大豆@Ada dou |
| 690 | @aS451.22@v4 | |
| 701 | 0 | @a黄春艳@Ahuang chun yan@4编 |
| 801 | 0 | @aCN@c20061031 |
| 905 | @a10447@dS451.22@eH810 | |
| 大豆田、花生田、苜蓿田杂草化学防除/黄春艳等编.-北京:化学工业出版社,2003 |
| 170页:彩图(26幅);18cm.-(杂草化学防除技术丛书) |
| “十五”国家重点图书 |
| ISBN 7-5025-3587-X:CNY15.00 |
| 本书对大豆、花生和苜蓿田的主要杂草种类、发生规律、危害特点、除草剂的应用技术等方面的知识做了细致的介绍, 书中涉及的除草剂有14类33个化合物, 基本上涵盖了国内各农药厂家在大豆和花生田登记的诸多除草剂制剂。 |
| ● |
| 相关链接 |
|
|
|
正题名:大豆田、花生田、苜蓿田杂草化学防除
索取号:S451.22/H810
 
预约/预借
| 序号 | 登录号 | 条形码 | 馆藏地/架位号 | 状态 | 备注 |
| 1 | 630873 | 206308734 | 自科库401/401自科库 67排4列2层/ [索取号:S451.22/H810] | 在馆 | |
| 2 | 630874 | 206308743 | 自科库401/401自科库 67排4列2层/ [索取号:S451.22/H810] | 在馆 |